000 00456nam a22001697a 4500
005 20251108170501.0
008 250721s2001 xx 000 0 ara d
082 1 4 _a923.6/عجل
100 1 _aالعجلوني، إبراهيم
245 1 0 _aرجال و مناهج /
264 1 _aعمان :
_c2001.
300 _a144ص
650 1 7 _aالإصلاح الإجتماعي
650 1 7 _aالفلسفة الحديثة
942 _2ddc
_cBK
999 _c41624
_d41624